| Tag |
First Indicator |
Second Indicator |
Subfields |
| LEADER |
00000cam a2200000 i 4500 |
| 001 |
in00000068245 |
| 005 |
20151008051943.0 |
| 008 |
781129s1978 maua b 00110 eng |
| 010 |
|
|
|a 78055398
|
| 020 |
|
|
|a 0871921014
|
| 035 |
|
|
|a (OCoLC)04529386
|
| 035 |
|
|
|9 AAH0916AM
|
| 040 |
|
|
|a DLC
|c DLC
|d TXA
|d UtOrBLW
|
| 049 |
|
|
|a [Curr Col] TXAM
|c 1 [1632262], 2 [1632263]
|
| 050 |
0 |
0 |
|a N7430
|b .G323
|
| 082 |
0 |
|
|a 701/.8
|
| 100 |
1 |
|
|a Gatto, Joseph A.
|
| 245 |
1 |
0 |
|a Exploring visual design /
|c Joseph A Gatto, Albert W. Porter, Jack Selleck ; consultants, Gerald F. Brommer, George F. Horn.
|
| 264 |
|
1 |
|a Worcester, Mass. :
|b Davis Publications,
|c [1978]
|
| 264 |
|
4 |
|c ©1978
|
| 300 |
|
|
|a 224 pages :
|b illustrations (some color) ;
|c 25 cm.
|
| 336 |
|
|
|a text
|b txt
|2 rdacontent
|
| 337 |
|
|
|a unmediated
|b n
|2 rdamedia
|
| 338 |
|
|
|a volume
|b nc
|2 rdacarrier
|
| 500 |
|
|
|a Includes index.
|
| 500 |
|
|
|a Gr. 9-12.
|
| 504 |
|
|
|a Bibliography: page 215.
|
| 520 |
|
|
|a Discusses the elements and principles of design as reflected in various art forms and in daily life.
|
| 650 |
|
0 |
|a Visual perception.
|
| 650 |
|
0 |
|a Composition (Art)
|
| 650 |
|
1 |
|a Visual perception.
|
| 650 |
|
1 |
|a Art
|x Technique.
|
| 700 |
1 |
|
|a Porter, Albert W.
|
| 700 |
1 |
|
|a Selleck, Jack.
|
| 999 |
|
|
|a MARS
|
| 999 |
f |
f |
|s a60f0f11-3604-3d48-8a2f-7f395e21392b
|i fa2c31c1-6f04-336d-a50b-9fc00a95f4c5
|t 0
|
| 952 |
f |
f |
|p normal
|a Texas A&M University
|b College Station
|c Sterling C. Evans Library
|d Evans: Library Stacks
|t 0
|e N7430 .G323
|h Library of Congress classification
|i unmediated -- volume
|m A14800226051
|
| 998 |
f |
f |
|a N7430 .G323
|t 0
|l Evans: Library Stacks
|